Guess The Rap Album by the Hint - Statistics

General Stats
  • This quiz has been taken 11 times
  • The average score is 7 of 15
Answer Stats
Hint Answer % Correct
Wake Up Mr. West! Late Registration
80%
The album that broke Tyler's trend of dropping an album every 2 years Chromakopia
70%
September 11th, 2001 The Blueprint
70%
Infamously Glazed By Anthony Fantano To Pimp a Butterfly
70%
The Time of day, or an angel number 4:44
60%
The album that ruined Chance The Rapper's Career The Big Day
60%
The Mackelmore album that won over Good Kid m.a.a.d city The Heist
60%
An album named after pasta that got a sequel Alfredo
50%
Ain't It Funny How it Happens? Atrocity Exhibition
40%
MF DOOM but scrambled Mm..Food
40%
The rapper is in his Zone, Day and Night. Man On The Moon
30%
She dropped one of the greatest albums ever, and retired Miseducation of Lauryn Hill
30%
Ab Soul joined the album for the Outro, but it wasn't actually the Outro. Section.80
30%
Fantano called it "Unreviewable Garbage" Vultures 1
30%
Lebron said this was his favourite album, alongside the Black Album by Jay-Z It Was Written
20%
No matching quizzes found
Score Distribution
Percent of People with Each Score
Percentile by Number Answered
Your Score History
You have not taken this quiz